Growth and yield of mungbean (BARI Mung-6) as influenced by different levels of nitrogen and phosphorus / (Record no. 13782)

MARC details
000 -LEADER
fixed length control field 01155nam a22002657a 4500
003 - CONTROL NUMBER IDENTIFIER
control field BD-DhSAU
005 - DATE AND TIME OF LATEST TRANSACTION
control field 20190110105622.0
008 - FIXED-LENGTH DATA ELEMENTS--GENERAL INFORMATION
fixed length control field 160620b2015 bg ||||| |||| 001 0 eng d
040 ## - CATALOGING SOURCE
Original cataloging agency BD-DhSAU
082 ## - DEWEY DECIMAL CLASSIFICATION NUMBER
Edition number 22
Classification number 631.4
Item number P2789
100 ## - MAIN ENTRY--PERSONAL NAME
Personal name Patwary, Mostafa
Relator code REGISTRATION NO. # 08-02888
245 ## - TITLE STATEMENT
Title Growth and yield of mungbean (BARI Mung-6) as influenced by different levels of nitrogen and phosphorus /
Remainder of title MS thesis
Statement of responsibility, etc. Mostafa Patwary
260 ## - PUBLICATION, DISTRIBUTION, ETC. (IMPRINT)
Place of publication, distribution, etc. Sher-e-Bangla Agricultural University :
Name of publisher, distributor, etc. Department of Soil Science,
Date of publication, distribution, etc. 2015.
300 ## - PHYSICAL DESCRIPTION
Extent ix, 66 p. :
Other physical details ill. ;
Dimensions 30 cm.
500 ## - GENERAL NOTE
General note MS thesis of Department of Soil Science , Faculty of Agriculture, Sher-e-Bangla Agricultural University, Dhaka, Bangladesh
504 ## - BIBLIOGRAPHY, ETC. NOTE
Bibliography, etc Includes references
590 ## - Name of Cataloguer
Name of Cataloger Kamim
650 ## - SUBJECT ADDED ENTRY--TOPICAL TERM
Topical term or geographic name as entry element Soil Science
650 ## - SUBJECT ADDED ENTRY--TOPICAL TERM
Topical term or geographic name as entry element Growth and yield of mungbean (BARI Mung-6)
650 ## - SUBJECT ADDED ENTRY--TOPICAL TERM
Topical term or geographic name as entry element influenced by different levels of nitrogen and phosphorus
700 ## - ADDED ENTRY--PERSONAL NAME
Personal name Jahan, Mst. Afrose
Relator term Supervisor
700 ## - ADDED ENTRY--PERSONAL NAME
Personal name Issak, Mohammad
Relator term Co-supervisor
856 ## - ELECTRONIC LOCATION AND ACCESS
Uniform Resource Identifier <a href="http://archive.saulibrary.edu.bd:8080/xmlui/handle/123456789/1360">http://archive.saulibrary.edu.bd:8080/xmlui/handle/123456789/1360</a>
Link text Online Access
942 ## - ADDED ENTRY ELEMENTS (KOHA)
Source of classification or shelving scheme Dewey Decimal Classification
Koha item type MS Level Thesis
Holdings
Withdrawn status Lost status Source of classification or shelving scheme Damaged status Not for loan Collection code Home library Branch Name Shelving location Date acquired Total Checkouts Full call number Barcode Date last seen Price effective from Koha item type
    Dewey Decimal Classification   Not For Loan Reference SAU Library SAU Library Reference 09/01/2017   631.4 P2789 39942 18/01/2017 18/01/2017 MS Level Thesis